000 00194 a2200097 4500
020 _a9780545724142
041 _aspa
100 _aDaisy meadows
245 _aLibby the writing fairy
942 _cBK
999 _c30509
_d30507